Between the lines : (Record no. 18104)
[ view plain ]
| 000 -LEADER | |
|---|---|
| fixed length control field | 00778nam a2200253 a 4500 |
| 001 - CONTROL NUMBER | |
| control field | 18104 |
| 003 - CONTROL NUMBER IDENTIFIER | |
| rucl marc code | BD-RjUL |
| 005 - DATE AND TIME OF LATEST TRANSACTION | |
| control field | 20211209000234.0 |
| 008 - FIXED-LENGTH DATA ELEMENTS--GENERAL INFORMATION | |
| fixed length control field | 140219t1963 enka 001 0 eng d |
| 035 ## - SYSTEM CONTROL NUMBER | |
| System control number | (BD-RjUL)18162 |
| System control number | (OCoLC)303078 |
| 040 ## - CATALOGING SOURCE | |
| Original cataloging agency | ZYU |
| Transcribing agency | ZYU |
| Modifying agency | m.c |
| -- | OCL |
| -- | EQO |
| -- | BD-RJUL |
| Language of cataloging | eng |
| 041 ## - LANGUAGE CODE | |
| Language code of text/sound track or separate title | eng |
| 082 04 - DEWEY DECIMAL CLASSIFICATION NUMBER | |
| Classification number | 821.9 |
| Author mark and year | STB 1965 |
| 090 ## - LOCALLY ASSIGNED LC-TYPE CALL NUMBER (OCLC); LOCAL CALL NUMBER (OCLC) | |
| Classification number (OCLC) (R) ; Classification number, CALL (RLIN) (NR) | PR5907 |
| Local cutter number (OCLC) ; Book number/undivided call number, CALL (RLIN) | .S75 1965 |
| 100 1# - MAIN ENTRY--PERSONAL NAME | |
| Personal name | Stallworthy, Jon. |
| 9 (RLIN) | 55796 |
| 245 10 - TITLE STATEMENT | |
| Title | Between the lines : |
| Remainder of title | Yeats's poetry in the making / |
| Statement of responsibility, etc. | Jon Stallworthy |
| 260 ## - PUBLICATION, DISTRIBUTION, ETC. (IMPRINT) | |
| Place of publication, distribution, etc. | Oxford : |
| Name of publisher, distributor, etc. | Clarendon Press, |
| Date of publication, distribution, etc. | 1965. |
| 300 ## - PHYSICAL DESCRIPTION | |
| Pagination | x, 261 p. : |
| Illustrations | ill. ; |
| Size | 23 cm. |
| 504 ## - BIBLIOGRAPHY, ETC. NOTE | |
| Bibliography, etc | Includes bibliographical reference and index. |
| 600 10 - SUBJECT ADDED ENTRY--PERSONAL NAME | |
| Personal name | Yeats, W. B. |
| Fuller form of name | (William Butler), |
| Dates associated with a name | 1865-1939. |
| 942 ## - ADDED ENTRY ELEMENTS (KOHA) | |
| Source of classification or shelving scheme | Dewey Decimal Classification |
| Koha item type | Books |
| Lost status | Source of classification or shelving scheme | Damaged status | Not for loan | Collection code | Permanent Location | Current Location | Shelving location | Date acquired | Source of acquisition | Cost, normal purchase price | Total Checkouts | Full call number | Date last seen | Copy number | Koha item type |
|---|---|---|---|---|---|---|---|---|---|---|---|---|---|---|---|
| Dewey Decimal Classification | Non-fiction | Central Library, University of Rajshahi | Central Library, University of Rajshahi | 11/03/1964 | zeithinger | 38.00 | 821.9 STB 1965 | 19/02/2014 | C-3 | Books | |||||
| Dewey Decimal Classification | Non-fiction | Central Library, University of Rajshahi | Central Library, University of Rajshahi | 25/06/1968 | Sweets & Zaitlinger | 38.00 | 821.9 STB 1965 | 20/02/2014 | C-2 | Books | |||||
| Dewey Decimal Classification | Non-fiction | Central Library, University of Rajshahi | Central Library, University of Rajshahi | 20/08/1970 | Zeitlinger | 42.00 | 821.9 STB 1965 | 03/01/2021 | C-4 | Books |